Loading...
Albrecht Dürer : le peintre, le graveur et le théoricien; 1471 - 1528
Saved in:
| Main Author: | |
|---|---|
| Other Authors: | |
| Document Type: | Book |
| Language: | French |
| Published: |
Paris
: ACR Edition
, 1996
|
| Series: | Poche couleur
18 |
| Author Notes: | Jean Selz |
| LEADER | 01272cam a22003372c 4500 | ||
|---|---|---|---|
| 001 | 1389988198 | ||
| 003 | DE-627 | ||
| 005 | 20260325204428.0 | ||
| 007 | tu | ||
| 008 | 100307s1996 xx ||||| 00| ||fre c | ||
| 020 | |a 2867700906 |9 2-86770-090-6 | ||
| 035 | |a (DE-627)1389988198 | ||
| 035 | |a (DE-576)319988198 | ||
| 035 | |a (DE-599)BSZ319988198 | ||
| 035 | |a (OCoLC)75827694 | ||
| 040 | |a DE-627 |b ger |c DE-627 |e rakwb | ||
| 041 | |a fre | ||
| 100 | 1 | |8 1\p |a Selz, Jean |d 1904-1997 |0 (DE-588)1216569290 |0 (DE-627)1727792556 |0 (DE-576)412124157 |4 aut | |
| 245 | 1 | 0 | |a Albrecht Dürer |b le peintre, le graveur et le théoricien; 1471 - 1528 |c Jean Selz |
| 264 | 1 | |a Paris |b ACR Edition |c 1996 | |
| 300 | |a 192 S. |b zahlr. Ill. | ||
| 336 | |a Text |b txt |2 rdacontent | ||
| 337 | |a ohne Hilfsmittel zu benutzen |b n |2 rdamedia | ||
| 338 | |a Band |b nc |2 rdacarrier | ||
| 490 | 1 | |a Poche couleur |v 18 | |
| 505 | 8 | 0 | |t Bibliogr. S. 188-189 |
| 700 | 1 | |a Dürer, Albrecht |d 1471-1528 |e Sonst |0 (DE-588)11852786X |0 (DE-627)133817024 |0 (DE-576)160794544 |4 oth | |
| 830 | 0 | |a Poche couleur |v 18 |9 18 |w (DE-627)528274783 |w (DE-576)9528274781 |w (DE-600)2288245-5 |x 1248-6981 |7 am | |
| 883 | |8 1\p |a cgwrk |d 20241001 |q DE-101 |u https://d-nb.info/provenance/plan#cgwrk | ||
| 951 | |a BO | ||
| 999 | |a KXP-PPN1389988198 |e 2896053085 | ||




